000 04707cam a22005413i 4500
001 17581941
003 LIBRIS
005 20241105174930.0
007 cr ||| |||||
008 150218s2015 xxu|||||o|||||000 0|eng|c
020 _a9781493917266
020 _z9781493917259 (Print)
024 7 _a10.1007/978-1-4939-1726-6
_2doi
035 _a(ALMA)9942132802336
035 _a(EBZ)ebs4327512e
035 _a(ALMA)99528610102456
040 _ei
_cDLC
041 _aeng
050 4 _aRD1-811
072 7 _aMNC
_2bicssc
072 7 _aMED085000
_2bisacsh
080 _a617
_bS-94
082 0 4 _a617
_223
084 _aVf
_2kssb/8 (machine generated)
100 1 _ade Virgilio, Christian.
_4edt
245 1 0 _aSurgery
_bA Case Based Clinical Review /
_cedited by Christian de Virgilio, Paul N. Frank, Areg Grigorian.
260 _aNew York
_bSpringer
_c2015
264 1 _aNew York, NY :
_bSpringer New York :
_bImprint: Springer,
_c2015
300 _aXIX, 723 p. 100 illus., 29 illus. in color.
_bonline resource.
336 _atext
_btxt
_2rdacontent
337 _acomputer
_bc
_2rdamedia
338 _aonline resource
_bcr
_2rdacarrier
347 _atext file
_bPDF
365 _b58.99 usd
505 8 _aNausea, Vomiting and Left Groin Mass -- Abdominal Pain, Nausea, and Vomiting -- New Palpable Mass in Right Breast -- Abnormal Screening Mammogram -- Chest Pain, Diaphoresis, and Nausea -- Chest Pain and Syncope -- Chest and Back Pain -- Incidentally Discovered Adrenal Mass on CT Scan -- Fatigue, Constipation, and Depressed Mood -- Intermittent Episodes of Sweating, Palpitations, and Hypertension -- Neck Mass That Moves with Swallowing Progressively Hoarse Voice -- Lump on Neck Increasing in Size -- Aural Fullness, Hearing Loss, and Tinnitus -- Post-Prandial RUQ Pain -- RUQ Pain, Fever, Nausea, and Vomiting -- Severe Epigastric Pain with Nausea and Vomiting -- New Onset of Painless Jaundice -- Bright Red Blood per Rectum -- RLQ Abdominal Pain -- Pencil-Thin Stools and Intermittent Constipation -- Chronic Constipation Presenting With Severe Abdominal Pain -- Left Lower Quadrant Pain and Fever -- Neck Pain and Paralysis Following Trauma -- Loss of Consciousness Following Head Trauma -- Multiple Extremity Injuries after Motorcycle Accident -- Immediate Swelling after Trauma to the Knee -- Right Groin Pain and Limp -- Chronic Right Hand Pain -- Full Term Male Infant with Respiratory Distress -- Newborn with Bilious Emesis -- Infant with Bilious Emesis -- Infant with Nonbilious Emesis -- Infant Born with Abdominal Wall Defect -- Excessive Drooling in a Newborn -- Recently Changed Skin Lesion -- Right Leg Pain, Swelling, and Erythema for Two Days -- Postoperative Bleeding -- Postoperative Decreased Urine Output -- Shortness of Breath Five Days after Surgery -- Abdominal Pain Following Motor Vehicle Accident -- Penetrating Abdominal Trauma -- Pedestrian Struck By Motor Vehicle -- Gunshot Wound to the Left Neck -- Stab Wound to the Chest -- Burns to Face, Trunk, and Extremities -- Severe Right Leg Pain after Tibia Fracture -- Bloody Emesis -- Severe Epigastric Abdominal Pain -- Weight Loss and Early Satiety -- Chest Pain after Vomiting -- Scrotal Pain -- Scrotal Mass -- Red Urine -- Transient Loss of Vision in Right Eye -- Right Calf Pain with Walking -- Sudden Onset of Severe Left Sided Abdominal Pain -- Cold, Painful Right Lower Extremity.
520 _aSurgery: A Case Based Clinical Review provides the reader with a comprehensive understanding of surgical diseases in one easy-to-use reference that combines multiple teaching formats. The book begins using a case based approach. The cases presented cover the diseases most commonly encountered on a surgical rotation. The cases are followed by a series of short questions and answers, designed to provide further understanding of the important aspects of the history, physical examination, differential diagnosis, diagnostic work-up and management, and questions that may arise on surgical rounds. Key figures and tables visually reinforce the important elements of the disease process. � Surgery: A Case Based Clinical Review�will be of great utility for medical students when they rotate on surgery, interns, physician assistant students, nursing students, and nurse practitioner students.
650 0 _aMedicine.
650 0 _aSurgery.
650 1 4 _aMedicine & Public Health.
650 2 4 _aGeneral Surgery.
653 _aმედიცინა
653 _aქირურგია
700 1 _aFrank, Paul N.
_4edt
700 1 _aGrigorian, Areg.
_4edt
710 2 _aSpringerLink (Online service)
776 0 8 _iPrinted edition:
_tSurgery
_z9781493917259
942 _2udc
_cBK
999 _c50
_d50